Orechová Lomnička

Bibliographic Details
Format: Article
Language:Slovak
ISSN:1338-0346
Subjects:

MARC

LEADER 00000nab a2200000 a 4500
001 vtls010481894
003 SK-MaSNL
005 20260303090625.0
008 130109c2012 xo wr 0 0slo
038 |a SLLK 
040 |a SLLK  |b slo  |c sllk  |e AACR2 
041 |a slo 
044 |a xo  |c SK 
080 |a 82  |2 2001 
080 |a 808.54  |2 2001 
080 |a 06.078  |2 2001 
245 0 0 |a Orechová Lomnička  |c [autor] (mv) 
611 2 7 |a Naša Vansovej Lomnička  |n (45. :  |d 2012 :  |c Stará Ľubovňa, Slovensko)  |2 SLLK  |9 1097822 
648 7 |a 2012  |2 snkbucl  |9 326619 
650 0 7 |a amatérsky umelecký prednes  |x festivaly  |2 SLLK  |9 15452 
651 7 |a Stará Ľubovňa (Slovensko)  |2 SLLK  |9 19193 
773 0 |t Ľubovnianske noviny  |g Roč. XXXVII, č. 37 (2012), s. 1  |x 1338-0346 
999 |c 1804034  |d 1805964